[Event "Kimry"]
[Site "Kimry"]
[Date "2004.05.08"]
[Round "8"]
[White "Baranov, Alexey"]
[Black "Ulianov, Sergey"]
[Result "1-0"]
[WhiteElo "2302"]
[BlackElo "2035"]
[PlyCount "62"]
[EventDate "2004.05.??"]
[EventType "tourn"]
[EventRounds "11"]
[EventCountry "RUS"]
[SourceTitle "EXT 2005"]
[Source "ChessBase"]
[SourceDate "2004.11.15"]
[SourceVersion "1"]
[SourceVersionDate "2004.11.15"]
[SourceQuality "1"]

1. Nf3 Nf6 2. g3 d5 3. Bg2 c6 4. 0-0 Bf5 5. d3 h6 6. Nbd2 Nbd7 7. Nh4 Bh7 8. e4 dxe4 9. dxe4 e6 10. Qe2 Qb6 11. Nb3 g5 12. e5 gxh4 13. exf6 Nxf6 14. Qe5 Qd8 15. Bf4 Rg8 16. Rad1 Qe7 17. Na5 Nd5 18. c4 Bg7 19. Qd6 Nxf4 20. Qxf4 Rc8 21. Qe3 a6 22. Qb6 Be5 23. Nxb7 Kf8 24. Qe3 Qxb7 25. Qxe5 Bf5 26. Qf6 Rg6 27. Qh8+ Ke7 28. Qd4 h3 29. Bf3 Bg4 30. Bxg4 c5 31. Qd6+ Ke8 1-0

[Event "Kimry"]
[Site "Kimry"]
[Date "2004.05.05"]
[Round "5"]
[White "Baranov, Alexey"]
[Black "Makhnev, Vladimir"]
[Result "1/2-1/2"]
[WhiteElo "2302"]
[BlackElo "2267"]
[PlyCount "90"]
[EventDate "2004.05.??"]
[EventType "tourn"]
[EventRounds "11"]
[EventCountry "RUS"]
[SourceTitle "EXT 2005"]
[Source "ChessBase"]
[SourceDate "2004.11.15"]
[SourceVersion "1"]
[SourceVersionDate "2004.11.15"]
[SourceQuality "1"]

1. d4 Nf6 2. c4 e6 3. Nf3 b6 4. g3 Bb7 5. Bg2 d5 6. cxd5 exd5 7. 0-0 Be7 8. Nc3 0-0 9. Bf4 a6 10. Rc1 Re8 11. Na4 c6 12. Ne5 Bd6 13. Qb3 Bxe5 14. dxe5 Nfd7 15. Rfd1 b5 16. e4 d4 17. e6 Rxe6 18. Rxd4 Qe7 19. Rcd1 c5 20. Bd6 c4 21. Qb4 Qe8 22. Bxb8 Rxb8 23. Rxd7 Bc6 24. R7d4 bxa4 25. Qxb8 Qxb8 26. Rd8+ Re8 27. Rxb8 Rxb8 28. e5 Be8 29. Bf1 Bb5 30. a3 Kf8 31. Rd4 Rc8 32. f4 Ke7 33. Kf2 h6 34. Ke1 Rc5 35. Be2 c3 36. bxc3 Rxc3 37. Bxb5 axb5 38. Rb4 Rxa3 39. Rxb5 Ra2 40. Ra5 h5 41. f5 g6 42. Ra7+ Ke8 43. Ra8+ Ke7 44. Ra7+ Kf8 45. Ra8+ Ke7 1/2-1/2